000 00205nam a22000857a 4500
100 _aLalcy Kuruvila, P.
245 _aRubber thottathile nursary
260 _bRubber, 700(September): 22-23.
_c2024
942 _cJS
999 _c75355
_d75355